<?xml version="1.0" encoding="UTF-8"?>
<record
    xmlns:xsi="http://www.w3.org/2001/XMLSchema-instance"
    xsi:schemaLocation="http://www.loc.gov/MARC21/slim http://www.loc.gov/standards/marcxml/schema/MARC21slim.xsd"
    xmlns="http://www.loc.gov/MARC21/slim">

  <leader>01008nam a22002297a 4500</leader>
  <controlfield tag="005">20230624100547.0</controlfield>
  <controlfield tag="008">230624b           ||||| |||| 00| 0 eng d</controlfield>
  <datafield tag="040" ind1=" " ind2=" ">
    <subfield code="c">AL</subfield>
  </datafield>
  <datafield tag="041" ind1=" " ind2=" ">
    <subfield code="a">eng</subfield>
  </datafield>
  <datafield tag="082" ind1=" " ind2=" ">
    <subfield code="2">23</subfield>
    <subfield code="a">796.35</subfield>
    <subfield code="b">ANAB</subfield>
  </datafield>
  <datafield tag="100" ind1=" " ind2=" ">
    <subfield code="a">S Anand</subfield>
    <subfield code="9">124750</subfield>
  </datafield>
  <datafield tag="245" ind1=" " ind2=" ">
    <subfield code="a">Brahmans and Cricket:</subfield>
    <subfield code="b">Lagaans Millennial Purana and Other Myths</subfield>
  </datafield>
  <datafield tag="260" ind1=" " ind2=" ">
    <subfield code="a">Chennai</subfield>
    <subfield code="b">Ravikumar and Anand</subfield>
    <subfield code="c">2003</subfield>
  </datafield>
  <datafield tag="300" ind1=" " ind2=" ">
    <subfield code="a">iv,60p.</subfield>
    <subfield code="b">PB</subfield>
    <subfield code="c">21x14cm.</subfield>
  </datafield>
  <datafield tag="365" ind1=" " ind2=" ">
    <subfield code="b">60.00</subfield>
    <subfield code="c">&#x20B9;</subfield>
    <subfield code="d">60.00</subfield>
  </datafield>
  <datafield tag="520" ind1=" " ind2=" ">
    <subfield code="a">Critical study of the film, Lagaan, and analysis of its preconceptions and views of society and the role of Brahmans. a thoughtful Dalit critique of modern culture. How did a priestly class-soft, even effeminate-come to dominate a sport? Why does such dominance not extend to hockey or football? In Brahmans and Cricket, S. Anand seeks answers to unasked questions.</subfield>
  </datafield>
  <datafield tag="650" ind1=" " ind2=" ">
    <subfield code="a">Hindi Cinema</subfield>
    <subfield code="9">124751</subfield>
  </datafield>
  <datafield tag="650" ind1=" " ind2=" ">
    <subfield code="a">Caste Aspersions</subfield>
    <subfield code="9">124752</subfield>
  </datafield>
  <datafield tag="650" ind1=" " ind2=" ">
    <subfield code="a">Kathakar Tradition</subfield>
    <subfield code="9">124753</subfield>
  </datafield>
  <datafield tag="700" ind1=" " ind2=" ">
    <subfield code="a">ANAND (S)</subfield>
    <subfield code="9">124754</subfield>
  </datafield>
  <datafield tag="942" ind1=" " ind2=" ">
    <subfield code="2">ddc</subfield>
    <subfield code="c">DB</subfield>
  </datafield>
  <datafield tag="999" ind1=" " ind2=" ">
    <subfield code="c">227644</subfield>
    <subfield code="d">227644</subfield>
  </datafield>
  <datafield tag="952" ind1=" " ind2=" ">
    <subfield code="0">0</subfield>
    <subfield code="1">0</subfield>
    <subfield code="2">ddc</subfield>
    <subfield code="4">0</subfield>
    <subfield code="7">0</subfield>
    <subfield code="8">OTH</subfield>
    <subfield code="a">AL</subfield>
    <subfield code="b">AL</subfield>
    <subfield code="d">2023-06-17</subfield>
    <subfield code="l">0</subfield>
    <subfield code="o">796.35 ANAB</subfield>
    <subfield code="p">D05895</subfield>
    <subfield code="r">2023-06-24 00:00:00</subfield>
    <subfield code="v">60.00</subfield>
    <subfield code="w">2023-06-24</subfield>
    <subfield code="y">DB</subfield>
  </datafield>
</record>
